| 000 | 01040 a2200217 4500 | ||
|---|---|---|---|
| 001 | 18814 | ||
| 005 | 20260407155459.0 | ||
| 008 | 260407a2006 arg spa d | ||
| 003 | AR-UNSa-BCEJYS | ||
| 040 |
_aAR-UNSa-BCEJYS _bspa _cAR-UNSa-BCEJYS |
||
| 080 |
_a343.2 _xDerecho penal |
||
| 245 | 1 | 0 |
_aUn arte abyecto _pensayo sobre el gobierno de la penalidad |
| 020 | _a978-950-894-582-2 | ||
| 264 | 1 |
_aBuenos Aires : _bAD-HOC _c2006 |
|
| 300 |
_a319 p. _c23 cm. |
||
| 505 | _a1. El orden carcelario - 2. El orden injustificable - 3. Soñar el desorden - 4. El grotesco de la penología contemporánea - 5. La ronda penitenciaria - 6. Cien años de sufrimiento - 7. Más allá de la penalidad: seguridad frente al delito - 8. Por una política democrática del gobierno de la seguridad - 9. Cómo resistir | ||
| 942 | _cBK | ||
| 590 | _aniveau_biblio:m niveau_hierar:0 | ||
| 100 | 1 | _aPavarini, Massimo | |
| 856 | 4 | 1 |
_uhttps://biblioeco.unsa.edu.ar/pmb/images/libros/Un arte abyecto Pavarini, Massimo (2006)2.jpg _yImagen de portada _qimage/jpeg |
| 999 |
_c732 _d732 |
||